LEADER 00568nam a2200169 i 4500 001 000000037625 003 CaOOAMICUS 005 20060715000000.0 008 060715n it u000 u ita u 013 $a7932 040 $aSeMil$bita 245 10$a[Volume 1]. 773 0 $aTrevisan, Alessandra <1966->$t Scuola Cattolica» di Milano dal 1873 al 1932.$d[S.l. : s.n.], 1991.$w()16048 850 $aSeMil 852 $aSeMil$W1$xVenegono$y1$m4X V 7/1$j3780$B3780$CSeMilBibl$Z2$F3780 $8L 961 $aOmaggio: Autore 996 $6245$a[Volume 1]$9(OLS)http://semarc/title/52763 LEADER 01133nam a2200265 i 4500 001 000000208834 003 CaOOAMICUS 005 20111129000000.0 008 111129s1928 it u000 u ita u 013 $a187622 040 $aSeMil$bita 100 1 $aGothein, Eberhard.$0(OLS)http://semarc/name/74891 245 12$aL'etą della controriforma /$cEberhard Gothein ; Traduzione di G. Thiel. Lo stato cristiano-sociale dei Gesuiti nel Paraguay / Traduzione di G. Sanna. 250 $a2. edizione corretta. 260 $aVenezia :$bLa Nuova Italia,$c1928. 300 $a308 p. ;$c22 cm. 490 0 $aStorici antichi e moderni 500 $aContiene : Appendice. 700 1 $aSanna, Giovanni,$d<1877-1950>.$0(OLS)http://semarc/name/3648 700 1 $aThiel, G.$0(OLS)http://semarc/name/74892 830 0$aStorici antichi e moderni.$0(OLS)http://semarc/title/7240 850 $aSeMil 852 $aSeMil$W1$xVenegono$y1$m3T IV 81$j159288$B159288$CSeMilBibl$Z2$F170350 $81 996 $6245$aL'etą della controriforma$9(OLS)http://semarc/title/301906 996 $6260$aVenezia :$bLa Nuova Italia$9(OLS)http://semarc/publisher/34104